Formulario de testamentos ológrafos, abierto y cerrado... : (Record no. 25485)

MARC details
000 -LEADER
campo de control de longitud fija 00642nam a2200169 i 4500
001 - NÚMERO DE CONTROL
campo de control 25485
003 - IDENTIFICADOR DE NÚMERO DE CONTROL
campo de control ES-MaACL
005 - FECHA Y HORA DE LA ÚLTIMA TRANSACCIÓN
campo de control 20230906153258.0
007 - CAMPO FIJO DE DESCRIPCIÓN FÍSICA--INFORMACIÓN GENERAL
campo de control de longitud fija t|
008 - DATOS DE LONGITUD FIJA--INFORMACIÓN GENERAL
campo de control de longitud fija 021226s1889 sp ||||1| spa d
100 1# - ENTRADA PRINCIPAL--NOMBRE DE PERSONA
Nombre de persona Arce y Rodríguez, Angel.
9 (RLIN) 22468
245 10 - MENCIÓN DEL TÍTULO
Título Formulario de testamentos ológrafos, abierto y cerrado... :
Resto del título con arreglo al Código civil reformado por la Ley de 26 de mayo de 1889 /
Mención de responsabilidad, etc. Ángel Arce y Rodríguez.
260 ## - PUBLICACIÓN, DISTRIBUCIÓN, ETC.
Lugar de publicación, distribución, etc. Madrid :
Nombre del editor, distribuidor, etc. Rafael Gutiérrez Jiménez,
Fecha de publicación, distribución, etc. 1889 (
Fabricante Imp. de Enrique Rubiños)
300 ## - DESCRIPCIÓN FÍSICA
Extensión 240 p. ;
Dimensiones 18 x 12 cm.
650 #4 - PUNTO DE ACCESO ADICIONAL DE MATERIA--TÉRMINO DE MATERIA
Término de materia o nombre geográfico como elemento de entrada Testamentos ológrafos-
Subdivisión geográfica España.
9 (RLIN) 157283
852 ## - LOCALIZACIÓN
Ubicación ES-MaACL
Número de control de estantería D-2455
Holdings
Estatus retirado Estado de pérdida Estado de daño No para préstamo Colección Biblioteca de origen Biblioteca actual Ubicación en estantería Fecha de adquisición Fuente de adquisición Total de préstamos Signatura topográfica completa Código de barras Visto por última vez Precio de reemplazo Tipo de ítem Koha
        Libros del s. XIX Biblioteca del Ateneo de Madrid Biblioteca del Ateneo de Madrid Sala Valle Inclán 17/01/2008     D-2455 901026275 23/02/2023 23/02/2023 Libro impreso antiguo